Cities of Santa Clara County, California - Statistics

General Stats
  • This quiz has been taken 13 times
  • The average score is 12 of 15
Answer Stats
Population Answer % Correct
57,285 Cupertino
100%
32,216 Los Gatos
100%
969,655 San Jose
100%
131,062 Santa Clara
100%
58,250 Gilroy
90%
81,785 Mountain View
90%
151,967 Sunnyvale
90%
29,990 Los Altos
80%
8,189 Los Altos Hills
80%
77,321 Milpitas
80%
44,478 Morgan Hill
80%
65,882 Palo Alto
80%
41,700 Campbell
70%
29,607 Saratoga
50%
3,458 Monte Sereno
30%
No matching quizzes found
Score Distribution
Percent of People with Each Score
Percentile by Number Answered
Your Score History
You have not taken this quiz